000 01554cam a2200133 4500500
005 20251214002633.0
041 _afre
042 _adc
100 1 0 _aMarthelot, Perrine
_eauthor
245 0 0 _aKarl Bühler : Du contexte à la situation, la signification
260 _bArmand Colin,
_c2012.
520 _aKarl Bühler (1879-1963) a développé une théorie du langage originale, à la croisée de la psychologie, de la linguistique et de la philosophie. Ce livre s’attache à en retracer le déploiement, depuis la mise en évidence de la fonction de représentation (Darstellung) jusqu’au développement de la théorie des deux champs de la représentation : contexte (ou champ symbolique) et situation (ou champ déictique). Si dans un premier temps la représentation s’oppose à l’ordre de l’indice comme cette fonction qui ne nécessite plus d’ancrage dans le sensible pour la réalisation de sa signification, il semble néanmoins que l’on puisse déceler au cœur de la théorie des deux champs une remise en cause de cette partition. En insérant l’ordre de l’indice au cœur même de la représentation symbolique, sous la forme de la déixis, Bühler pose les jalons d’une interaction profonde entre contexte et situation. C’est une telle thèse de la porosité des frontières et de l’interaction entre les deux champs que cette étude tente de mettre au jour à travers la lecture de l’œuvre de Bühler.
856 4 1 _uhttps://shs.cairn.info/karl-buhler--9782200277215?lang=fr&redirect-ssocas=7080
999 _c1567257
_d1567257